<?xml version="1.0" encoding="UTF-8"?>
<record
    xmlns:xsi="http://www.w3.org/2001/XMLSchema-instance"
    xsi:schemaLocation="http://www.loc.gov/MARC21/slim http://www.loc.gov/standards/marcxml/schema/MARC21slim.xsd"
    xmlns="http://www.loc.gov/MARC21/slim">

  <leader>02518nam a2200349Ia 4500</leader>
  <controlfield tag="005">20231102150751.0</controlfield>
  <controlfield tag="008">120625s2004    sp o          001 0 spa d</controlfield>
  <datafield tag="020" ind1=" " ind2=" ">
    <subfield code="a">9788425219771</subfield>
  </datafield>
  <datafield tag="020" ind1=" " ind2=" ">
    <subfield code="a">84-252-1977-9</subfield>
  </datafield>
  <datafield tag="050" ind1=" " ind2="4">
    <subfield code="a">BF789.C7</subfield>
    <subfield code="b">H4518</subfield>
  </datafield>
  <datafield tag="082" ind1=" " ind2=" ">
    <subfield code="a">152.145</subfield>
    <subfield code="b">H45p 2009</subfield>
  </datafield>
  <datafield tag="082" ind1=" " ind2=" ">
    <subfield code="a">701.8 H477p</subfield>
  </datafield>
  <datafield tag="100" ind1="1" ind2=" ">
    <subfield code="a">Heller, Eva</subfield>
    <subfield code="e">autor</subfield>
  </datafield>
  <datafield tag="240" ind1="1" ind2="0">
    <subfield code="a">Wie Farben auf Gefuhl und Verstand wirken </subfield>
    <subfield code="l">Espa&#xF1;ol </subfield>
  </datafield>
  <datafield tag="245" ind1="1" ind2="0">
    <subfield code="a">Psicolog&#xED;a del color</subfield>
    <subfield code="b"> : c&#xF3;mo actuan los colores sobre los sentimientos y la raz&#xF3;n</subfield>
    <subfield code="c"> / Eva Heller</subfield>
  </datafield>
  <datafield tag="260" ind1=" " ind2=" ">
    <subfield code="a">Espa&#xF1;a</subfield>
    <subfield code="b">: Gustavo Gili</subfield>
    <subfield code="c"> , 2004</subfield>
  </datafield>
  <datafield tag="300" ind1=" " ind2=" ">
    <subfield code="a">309 p&#xE1;ginas </subfield>
    <subfield code="b"> : ilustraciones, fotograf&#xED;as a color </subfield>
  </datafield>
  <datafield tag="500" ind1=" " ind2=" ">
    <subfield code="a">Reimpresiones: 2009
</subfield>
  </datafield>
  <datafield tag="504" ind1=" " ind2=" ">
    <subfield code="a">Bibliograf&#xED;a: pp.291-294</subfield>
  </datafield>
  <datafield tag="505" ind1="0" ind2=" ">
    <subfield code="a">Todo aquello que necesitamos saber de los colores 
Azul: El color preferido, el color de la simpat&#xED;a, la armon&#xED;a y la fidelidad, pese a ser fr&#xED;o y distante
Rojo: el color de todas las pasiones, del amor al odio, el color de los reyes y del comunismo de la alegr&#xED;a y del peligro 
Amarillo: el color m&#xE1;s contradictorio, optimismo y celos, el color de la diversi&#xF3;n, del entendimiento y de la traici&#xF3;n
Verde: el color de la fertilidad, de la esperanza y de la burgues&#xED;a, verde sagrado y verde venenoso, el color intermedio
Negro: el color del poder, de la violencia y de la muerte, el color favorito de los dise&#xF1;adores y de la juventud, el color de la negociaci&#xF3;n y la elegancia
Blanco: el color femenino de la inocencia, el color del bien y de los esp&#xED;ritus, el color mas importante de los pintores 
Naranja: el color de la diversi&#xF3;n y del budismo, ex&#xF3;tico y llamativo, pero subestimado 
Violeta: de la p&#xFA;rpura del poder al color de la teolog&#xED;a, la magia, el feminismo y el movimiento gay 
Rosa: dulce y delicado, escandaloso y cursi, del rosa masculino al rosa femenino </subfield>
  </datafield>
  <datafield tag="519" ind1=" " ind2=" ">
    <subfield code="a">Material Complementario / </subfield>
    <subfield code="d">(04 002098, 04 002682, 04 002683)</subfield>
  </datafield>
  <datafield tag="519" ind1=" " ind2=" ">
    <subfield code="a">Material Complementario / </subfield>
    <subfield code="d">(20 000021)</subfield>
  </datafield>
  <datafield tag="519" ind1=" " ind2=" ">
    <subfield code="a">Material Complementario /</subfield>
    <subfield code="d">(07 006445)</subfield>
  </datafield>
  <datafield tag="519" ind1=" " ind2=" ">
    <subfield code="a">Flexible /</subfield>
    <subfield code="b">Arquitectura /</subfield>
    <subfield code="c">Taller de proyectos II (P22) /</subfield>
    <subfield code="d">(13 003851, 13 003852)</subfield>
  </datafield>
  <datafield tag="519" ind1=" " ind2=" ">
    <subfield code="a">Plan Flexible /</subfield>
    <subfield code="b">Arquitectura /</subfield>
    <subfield code="c">Taller de  proyectos II (P22-2) /</subfield>
    <subfield code="d">(06 000774)</subfield>
  </datafield>
  <datafield tag="519" ind1=" " ind2=" ">
    <subfield code="a">Material Complementario /</subfield>
    <subfield code="b">Psicolog&#xED;a /</subfield>
    <subfield code="d">(06 0001668) , (06 001667)</subfield>
  </datafield>
  <datafield tag="519" ind1=" " ind2=" ">
    <subfield code="a">Material complementario - Plan SEP</subfield>
    <subfield code="b">Dise&#xF1;o Gr&#xE1;fico</subfield>
    <subfield code="d">(11 012441)</subfield>
  </datafield>
  <datafield tag="650" ind1="1" ind2="4">
    <subfield code="a">PSICOLOG&#xCD;A DEL COLOR </subfield>
  </datafield>
  <datafield tag="650" ind1="2" ind2="4">
    <subfield code="a">SIMBOLISMO DE LOS COLORES </subfield>
  </datafield>
  <datafield tag="700" ind1=" " ind2=" ">
    <subfield code="a">Chamorro Mielke, Joaqu&#xED;n</subfield>
    <subfield code="e">traductor</subfield>
  </datafield>
  <datafield tag="942" ind1=" " ind2=" ">
    <subfield code="c">LB</subfield>
  </datafield>
  <datafield tag="952" ind1=" " ind2=" ">
    <subfield code="0">0</subfield>
    <subfield code="1">0</subfield>
    <subfield code="4">0</subfield>
    <subfield code="7">0</subfield>
    <subfield code="a">04</subfield>
    <subfield code="b">04</subfield>
    <subfield code="d">2008-09-10</subfield>
    <subfield code="l">3</subfield>
    <subfield code="m">1</subfield>
    <subfield code="o">BF789.C7  H4518</subfield>
    <subfield code="p">04 002098</subfield>
    <subfield code="r">2019-10-08</subfield>
    <subfield code="s">2019-10-01</subfield>
    <subfield code="t">1</subfield>
    <subfield code="w">2012-06-24</subfield>
    <subfield code="y">LB</subfield>
  </datafield>
  <datafield tag="952" ind1=" " ind2=" ">
    <subfield code="0">0</subfield>
    <subfield code="1">0</subfield>
    <subfield code="4">0</subfield>
    <subfield code="7">0</subfield>
    <subfield code="a">04</subfield>
    <subfield code="b">04</subfield>
    <subfield code="d">2010-03-16</subfield>
    <subfield code="l">2</subfield>
    <subfield code="o">BF789.C7  H4518</subfield>
    <subfield code="p">04 002682</subfield>
    <subfield code="r">2019-10-01</subfield>
    <subfield code="s">2019-10-01</subfield>
    <subfield code="t">2</subfield>
    <subfield code="w">2012-06-24</subfield>
    <subfield code="y">LB</subfield>
  </datafield>
  <datafield tag="952" ind1=" " ind2=" ">
    <subfield code="0">0</subfield>
    <subfield code="1">0</subfield>
    <subfield code="4">0</subfield>
    <subfield code="7">0</subfield>
    <subfield code="a">04</subfield>
    <subfield code="b">04</subfield>
    <subfield code="d">2010-03-16</subfield>
    <subfield code="l">13</subfield>
    <subfield code="m">2</subfield>
    <subfield code="o">BF789.C7  H4518</subfield>
    <subfield code="p">04 002683</subfield>
    <subfield code="r">2020-02-22</subfield>
    <subfield code="s">2020-02-22</subfield>
    <subfield code="t">3</subfield>
    <subfield code="w">2012-06-24</subfield>
    <subfield code="y">LB</subfield>
  </datafield>
  <datafield tag="952" ind1=" " ind2=" ">
    <subfield code="0">0</subfield>
    <subfield code="1">0</subfield>
    <subfield code="2">lcc</subfield>
    <subfield code="4">0</subfield>
    <subfield code="7">0</subfield>
    <subfield code="a">22</subfield>
    <subfield code="b">22</subfield>
    <subfield code="d">2009-10-15</subfield>
    <subfield code="l">8</subfield>
    <subfield code="m">1</subfield>
    <subfield code="o">BF789 C7H4418 2004</subfield>
    <subfield code="p">06 000774</subfield>
    <subfield code="r">2023-06-21</subfield>
    <subfield code="s">2023-06-03</subfield>
    <subfield code="t">1</subfield>
    <subfield code="w">2012-06-26</subfield>
    <subfield code="y">LB</subfield>
  </datafield>
  <datafield tag="952" ind1=" " ind2=" ">
    <subfield code="0">0</subfield>
    <subfield code="1">0</subfield>
    <subfield code="2">lcc</subfield>
    <subfield code="4">0</subfield>
    <subfield code="7">0</subfield>
    <subfield code="a">25</subfield>
    <subfield code="b">25</subfield>
    <subfield code="d">2011-11-11</subfield>
    <subfield code="l">12</subfield>
    <subfield code="m">1</subfield>
    <subfield code="o">BF789 C7H4418 2004</subfield>
    <subfield code="p">06 001667</subfield>
    <subfield code="r">2023-05-26</subfield>
    <subfield code="s">2023-05-25</subfield>
    <subfield code="t">2</subfield>
    <subfield code="w">2012-06-26</subfield>
    <subfield code="y">LB</subfield>
  </datafield>
  <datafield tag="952" ind1=" " ind2=" ">
    <subfield code="0">0</subfield>
    <subfield code="1">0</subfield>
    <subfield code="2">lcc</subfield>
    <subfield code="4">0</subfield>
    <subfield code="7">0</subfield>
    <subfield code="a">04</subfield>
    <subfield code="b">04</subfield>
    <subfield code="d">2011-11-11</subfield>
    <subfield code="l">4</subfield>
    <subfield code="o">BF789 C7H4418 2004</subfield>
    <subfield code="p">06 001668</subfield>
    <subfield code="r">2023-10-06</subfield>
    <subfield code="s">2023-05-03</subfield>
    <subfield code="t">3</subfield>
    <subfield code="w">2012-06-26</subfield>
    <subfield code="y">LB</subfield>
  </datafield>
  <datafield tag="952" ind1=" " ind2=" ">
    <subfield code="0">0</subfield>
    <subfield code="1">0</subfield>
    <subfield code="4">0</subfield>
    <subfield code="7">0</subfield>
    <subfield code="a">07</subfield>
    <subfield code="b">07</subfield>
    <subfield code="d">2010-08-19</subfield>
    <subfield code="l">10</subfield>
    <subfield code="o">BF789.C7 H4518 2004</subfield>
    <subfield code="p">07 000464</subfield>
    <subfield code="r">2024-11-12</subfield>
    <subfield code="s">2019-03-11</subfield>
    <subfield code="t">1</subfield>
    <subfield code="w">2012-06-26</subfield>
    <subfield code="y">LB</subfield>
  </datafield>
  <datafield tag="952" ind1=" " ind2=" ">
    <subfield code="0">0</subfield>
    <subfield code="1">0</subfield>
    <subfield code="4">0</subfield>
    <subfield code="7">0</subfield>
    <subfield code="a">11</subfield>
    <subfield code="b">11</subfield>
    <subfield code="d">2007-01-08</subfield>
    <subfield code="l">53</subfield>
    <subfield code="o">BF789.C7 H4418 2004</subfield>
    <subfield code="p">11 005235</subfield>
    <subfield code="r">2024-10-15</subfield>
    <subfield code="s">2020-02-10</subfield>
    <subfield code="t">1</subfield>
    <subfield code="w">2012-06-26</subfield>
    <subfield code="y">LB</subfield>
  </datafield>
  <datafield tag="952" ind1=" " ind2=" ">
    <subfield code="0">0</subfield>
    <subfield code="1">0</subfield>
    <subfield code="4">0</subfield>
    <subfield code="7">0</subfield>
    <subfield code="a">11</subfield>
    <subfield code="b">11</subfield>
    <subfield code="d">2007-01-08</subfield>
    <subfield code="l">60</subfield>
    <subfield code="o">BF789.C7 H4418 2004</subfield>
    <subfield code="p">11 005236</subfield>
    <subfield code="r">2026-03-26</subfield>
    <subfield code="s">2026-03-24</subfield>
    <subfield code="t">2</subfield>
    <subfield code="w">2012-06-26</subfield>
    <subfield code="y">LB</subfield>
  </datafield>
  <datafield tag="952" ind1=" " ind2=" ">
    <subfield code="0">0</subfield>
    <subfield code="1">0</subfield>
    <subfield code="4">0</subfield>
    <subfield code="7">0</subfield>
    <subfield code="a">11</subfield>
    <subfield code="b">11</subfield>
    <subfield code="d">2008-08-22</subfield>
    <subfield code="l">72</subfield>
    <subfield code="o">BF789.C7 H4418 2004</subfield>
    <subfield code="p">11 007387</subfield>
    <subfield code="r">2026-05-14</subfield>
    <subfield code="s">2026-05-14</subfield>
    <subfield code="t">3</subfield>
    <subfield code="w">2012-06-26</subfield>
    <subfield code="y">LB</subfield>
  </datafield>
  <datafield tag="952" ind1=" " ind2=" ">
    <subfield code="0">0</subfield>
    <subfield code="1">0</subfield>
    <subfield code="4">0</subfield>
    <subfield code="7">0</subfield>
    <subfield code="a">15</subfield>
    <subfield code="b">15</subfield>
    <subfield code="d">2008-01-30</subfield>
    <subfield code="l">0</subfield>
    <subfield code="o">701.8 H477P</subfield>
    <subfield code="p">15 002596</subfield>
    <subfield code="r">2017-12-07</subfield>
    <subfield code="w">2012-06-28</subfield>
    <subfield code="y">LB</subfield>
  </datafield>
  <datafield tag="952" ind1=" " ind2=" ">
    <subfield code="0">0</subfield>
    <subfield code="1">0</subfield>
    <subfield code="4">0</subfield>
    <subfield code="7">0</subfield>
    <subfield code="a">15</subfield>
    <subfield code="b">15</subfield>
    <subfield code="d">2010-03-22</subfield>
    <subfield code="l">9</subfield>
    <subfield code="o">701.8 H477P</subfield>
    <subfield code="p">15 003947</subfield>
    <subfield code="r">2019-09-28</subfield>
    <subfield code="s">2019-09-28</subfield>
    <subfield code="t">1</subfield>
    <subfield code="w">2012-06-28</subfield>
    <subfield code="y">LB</subfield>
  </datafield>
  <datafield tag="952" ind1=" " ind2=" ">
    <subfield code="0">0</subfield>
    <subfield code="1">0</subfield>
    <subfield code="4">0</subfield>
    <subfield code="7">0</subfield>
    <subfield code="a">13</subfield>
    <subfield code="b">13</subfield>
    <subfield code="d">2010-09-17</subfield>
    <subfield code="l">0</subfield>
    <subfield code="o">BF789.C7  H4518</subfield>
    <subfield code="p">13 001806</subfield>
    <subfield code="r">2012-09-05</subfield>
    <subfield code="t">1</subfield>
    <subfield code="w">2012-09-05</subfield>
    <subfield code="y">LB</subfield>
  </datafield>
  <datafield tag="952" ind1=" " ind2=" ">
    <subfield code="0">0</subfield>
    <subfield code="1">0</subfield>
    <subfield code="2">lcc</subfield>
    <subfield code="4">0</subfield>
    <subfield code="7">0</subfield>
    <subfield code="a">07</subfield>
    <subfield code="b">07</subfield>
    <subfield code="d">2013-12-13</subfield>
    <subfield code="l">21</subfield>
    <subfield code="m">3</subfield>
    <subfield code="o">BF789.C7 H4518 2004</subfield>
    <subfield code="p">07 004338</subfield>
    <subfield code="r">2023-02-24</subfield>
    <subfield code="s">2023-02-15</subfield>
    <subfield code="t">2</subfield>
    <subfield code="w">2013-12-13</subfield>
    <subfield code="y">LB</subfield>
  </datafield>
  <datafield tag="952" ind1=" " ind2=" ">
    <subfield code="0">0</subfield>
    <subfield code="1">0</subfield>
    <subfield code="2">lcc</subfield>
    <subfield code="4">0</subfield>
    <subfield code="7">0</subfield>
    <subfield code="a">07</subfield>
    <subfield code="b">07</subfield>
    <subfield code="d">2013-12-13</subfield>
    <subfield code="l">13</subfield>
    <subfield code="o">BF789.C7 H4518 2004</subfield>
    <subfield code="p">07 004339</subfield>
    <subfield code="r">2016-10-27</subfield>
    <subfield code="s">2016-10-27</subfield>
    <subfield code="t">3</subfield>
    <subfield code="w">2013-12-13</subfield>
    <subfield code="y">LB</subfield>
  </datafield>
  <datafield tag="952" ind1=" " ind2=" ">
    <subfield code="0">0</subfield>
    <subfield code="1">0</subfield>
    <subfield code="2">lcc</subfield>
    <subfield code="4">0</subfield>
    <subfield code="7">0</subfield>
    <subfield code="a">21</subfield>
    <subfield code="b">21</subfield>
    <subfield code="d">0000-00-00</subfield>
    <subfield code="l">14</subfield>
    <subfield code="o">BF789.C7 H4518 2012</subfield>
    <subfield code="p">21 002242</subfield>
    <subfield code="r">2025-10-28</subfield>
    <subfield code="s">2023-05-03</subfield>
    <subfield code="t">1</subfield>
    <subfield code="w">2014-02-18</subfield>
    <subfield code="y">LB</subfield>
  </datafield>
  <datafield tag="952" ind1=" " ind2=" ">
    <subfield code="0">0</subfield>
    <subfield code="1">0</subfield>
    <subfield code="2">lcc</subfield>
    <subfield code="4">0</subfield>
    <subfield code="7">0</subfield>
    <subfield code="a">12</subfield>
    <subfield code="b">12</subfield>
    <subfield code="d">2015-02-21</subfield>
    <subfield code="l">20</subfield>
    <subfield code="o">BF789.C7 H4518 2004</subfield>
    <subfield code="p">12 001597</subfield>
    <subfield code="r">2024-07-15</subfield>
    <subfield code="s">2024-07-06</subfield>
    <subfield code="t">1</subfield>
    <subfield code="w">2015-02-21</subfield>
    <subfield code="y">LB</subfield>
  </datafield>
  <datafield tag="952" ind1=" " ind2=" ">
    <subfield code="0">0</subfield>
    <subfield code="1">0</subfield>
    <subfield code="4">0</subfield>
    <subfield code="7">0</subfield>
    <subfield code="a">11</subfield>
    <subfield code="b">11</subfield>
    <subfield code="d">2015-08-18</subfield>
    <subfield code="l">40</subfield>
    <subfield code="o">BF789.C7 H4418 2004</subfield>
    <subfield code="p">11 012441</subfield>
    <subfield code="r">2026-05-14</subfield>
    <subfield code="s">2026-05-14</subfield>
    <subfield code="t">4</subfield>
    <subfield code="w">2015-08-18</subfield>
    <subfield code="y">LB</subfield>
  </datafield>
  <datafield tag="952" ind1=" " ind2=" ">
    <subfield code="0">0</subfield>
    <subfield code="1">0</subfield>
    <subfield code="4">0</subfield>
    <subfield code="7">0</subfield>
    <subfield code="a">13</subfield>
    <subfield code="b">13</subfield>
    <subfield code="d">2016-06-03</subfield>
    <subfield code="l">0</subfield>
    <subfield code="o">BF789.C7  H4518</subfield>
    <subfield code="p">13 003851</subfield>
    <subfield code="r">2016-06-03</subfield>
    <subfield code="t">1</subfield>
    <subfield code="w">2016-06-03</subfield>
    <subfield code="y">LB</subfield>
  </datafield>
  <datafield tag="952" ind1=" " ind2=" ">
    <subfield code="0">0</subfield>
    <subfield code="1">0</subfield>
    <subfield code="4">0</subfield>
    <subfield code="7">0</subfield>
    <subfield code="a">13</subfield>
    <subfield code="b">13</subfield>
    <subfield code="d">2016-06-03</subfield>
    <subfield code="l">6</subfield>
    <subfield code="m">1</subfield>
    <subfield code="o">BF789.C7  H4518</subfield>
    <subfield code="p">13 003852</subfield>
    <subfield code="r">2022-08-29</subfield>
    <subfield code="s">2022-08-25</subfield>
    <subfield code="t">2</subfield>
    <subfield code="w">2016-06-03</subfield>
    <subfield code="y">LB</subfield>
  </datafield>
  <datafield tag="952" ind1=" " ind2=" ">
    <subfield code="0">0</subfield>
    <subfield code="1">0</subfield>
    <subfield code="4">0</subfield>
    <subfield code="7">0</subfield>
    <subfield code="a">20</subfield>
    <subfield code="b">20</subfield>
    <subfield code="d">2018-01-20</subfield>
    <subfield code="l">15</subfield>
    <subfield code="m">4</subfield>
    <subfield code="o">BF789.C7 H4518</subfield>
    <subfield code="p">20 000021</subfield>
    <subfield code="r">2024-10-10</subfield>
    <subfield code="s">2023-08-04</subfield>
    <subfield code="t">1</subfield>
    <subfield code="w">2018-01-20</subfield>
    <subfield code="y">LB</subfield>
  </datafield>
  <datafield tag="952" ind1=" " ind2=" ">
    <subfield code="0">0</subfield>
    <subfield code="1">0</subfield>
    <subfield code="4">0</subfield>
    <subfield code="7">0</subfield>
    <subfield code="a">07</subfield>
    <subfield code="b">07</subfield>
    <subfield code="d">2018-08-24</subfield>
    <subfield code="l">0</subfield>
    <subfield code="o">BF789.C7 H4518</subfield>
    <subfield code="p">07 006445</subfield>
    <subfield code="r">2022-01-13</subfield>
    <subfield code="t">4</subfield>
    <subfield code="w">2018-08-24</subfield>
    <subfield code="y">LB</subfield>
  </datafield>
  <datafield tag="999" ind1=" " ind2=" ">
    <subfield code="c">62294</subfield>
    <subfield code="d">62294</subfield>
  </datafield>
</record>
